000
00330nam a22001457a 4500
008
230324b ||||| |||| 00| 0 eng d
020
_a
9789951615426
041
_a
SHQIP
080
_a
721
082
_a
721KRA
100
_a
20
101
_a
ARKITEK
245
_a
TERMOELEKTROCENTRALET E KOSOVES
_c
KRASNIQI.F
942
_2
udc
_c
BK
999
_c
59453
_d
59453